000 00758nam a22002657a 4500
003 UA-OsUOA
001 37340
007 ta
008 20060306b un ||||| |||| 00| 0 ukr d
100 _aАнтонюк Л.Л.
700 _aПоручник А.М.
700 _aСавчук В.С.
090 _a330:341.1
_bА72
942 _cBK
040 _aUA-OsUOA
_bukr
_cUA-OsUOA
_dUA-OsUOA
245 _aІнновації: теорія, механізм розробки та комерціалізації
_bМонографія
300 _a394 с.
955 _a2
041 _aukr
080 _a330:341.1
020 _a966-574-514-Х
260 _aК.
_bКНЕУ
_c2003
650 7 _a330 Економіка взагалі
_2UDC
999 _c323540
_d323540